Piłkarze Reprezentacji Komorów - nagła śmierć - Statystyki

Ogólne statystyki
  • Ten quiz został rozwiązany 7 razy
  • Średni wynik to 2 z 8
Answers on the Grid
Answers color-coded by a green-red scale on the quiz's grid according to % correct below.
Lindsay Rose
Myziane Maolida
Moctar Sidi El Hacen
Youssouf M’Changama
El Fardou Ben
Baghdad Bounedjah
Faïz Selemani
Rafiki Saïd
Frank Magri
Warmed Omari
Ismaël Boura
Wahbi Khazri
Saïd Bakari
Azzedine Ounahi
 
Statystyki odpowiedzi
Odpowiedź % Poprawnych
El Fardou Ben
40%
Faïz Selemani
40%
Myziane Maolida
40%
Rafiki Saïd
40%
Youssouf M’Changama
40%
Ismaël Boura
20%
Saïd Bakari
20%
Warmed Omari
0%
Nie znaleziono quizów pasujących do podanych kryteriów
Rozkład punktacji
Procent ludzi z każdym wynikiem
Percentyl według liczby udzielonych odpowiedzi
Twoja historia wyników
Nie rozwiązałeś tego quizu